|
|
|
|
| LEADER |
01471nam a2200325 a 4500 |
| 001 |
0017176 |
| 003 |
BD-DhAAL |
| 008 |
090712m20002008nyu b 001 0deng d |
| 010 |
|
|
|a 95011322
|
| 020 |
|
|
|a 9780195692952
|
| 020 |
|
|
|a 0195692950
|
| 040 |
|
|
|a DLC
|c DLC
|d DLC
|d BD-DhAAL
|
| 082 |
0 |
0 |
|a 820.9
|2 20
|
| 245 |
0 |
4 |
|a The Oxford companion to English literature /
|c edited by Margaret Drabble.
|
| 250 |
|
|
|a Sixth edition (revised).
|
| 250 |
|
|
|a Indian edition.
|
| 260 |
|
|
|a New York :
|b Oxford University Press,
|c 2000[ Indian edition 2008].
|
| 300 |
|
|
|a viii, 1172 p. ;
|c 25 cm
|
| 504 |
|
|
|a Includes bibliographical references and index.
|
| 526 |
|
|
|a ENH
|x Prof. Syed Manzoorul Islam
Faculty Member of BRAC University
|
| 541 |
1 |
|
|e 00017176
|a Friends' Book Corner
|
| 650 |
|
0 |
|a English literature
|x Encyclopedias.
|9 58335
|
| 650 |
|
0 |
|a English literature
|x Bio-bibliography
|x Encyclopedias.
|9 58336
|
| 651 |
|
0 |
|a English-speaking countries
|x Intellectual life
|x Encyclopedias.
|9 58337
|
| 651 |
|
0 |
|a English-speaking countries
|x In literature
|x Encyclopedias.
|9 58338
|
| 700 |
1 |
|
|a Drabble, Margaret,
|d 1939-
|9 58339
|
| 852 |
4 |
|
|a Ayesha Abed Library
|c General Stacks
|
| 942 |
|
|
|2 ddc
|c BK
|
| 999 |
|
|
|c 2389
|d 2389
|
| 952 |
|
|
|0 0
|1 0
|2 ddc
|4 0
|6 820_900000000000000_OXF_2000
|7 0
|9 2209
|a BRACUL
|b BRACUL
|c GEN
|d 2009-07-14
|e Friends' Book Corner
|g 1990.00
|l 0
|o 820.9 OXF
|p 3010017176
|r 2009-07-14
|t 1
|w 2009-07-14
|y BK
|x Requisitioned by Prof. Syed Manzoorul Islam (Faculty Member of BRAC University).
|